Folclor del carbón en la zona de Lota

Sparad:
Bibliografiska uppgifter
Huvudupphovsman: Plath, Oreste (Författare, medförfattare)
Materialtyp: Bok
Språk:spanska
Publicerad: Santiago Random House Mondadori 2007
Upplaga:3a. ed
Serie:Biblioteca Oreste Plath, 11
Ämnen:
Taggar: Lägg till en tagg
Inga taggar, Lägg till första taggen!

MARC

LEADER 00000nam a2200000 a 4500
001 UCH9437
003 CL-VaPUC
008 100107e20070500CL |||||||||||||||||spa|d
020 |a 9562580695 
082 0 4 |a 398.353  |b PLA  |2 21 
100 0 |a Plath, Oreste  |e author  |9 330038 
245 1 0 |a Folclor del carbón en la zona de Lota 
250 |a 3a. ed 
300 |a 223 p 
942 |c BK 
945 |d 20100107 00:00:00  |a dcastane 
260 |a Santiago  |b Random House Mondadori  |c 2007 
650 0 |a Folklore chileno  |9 265536 
650 7 |a MINEROS  |2 CL-VaPUC  |9 318252 
650 0 |a Costumbres y tradiciones   |9 268292 
650 7 |a PIRQUINEROS  |2 CL-VaPUC  |9 371807 
650 7 |a RELIGIOSIDAD POPULAR  |2 CL-VaPUC  |9 546529 
651 7 |a CHILE  |2 CL-VaPUC  |9 546530 
651 7 |a LOTA  |2 CL-VaPUC  |9 510986 
583 |a last modification  |c 20120718 11:35:22  |k Rodrigo Vera 
490 0 |a Biblioteca Oreste Plath, 11 
999 |c 339405  |d 339403